Statistiques concernant Juillet

Cliquez ici pour prendre le quiz!

Statistiques générales

  • Ce quiz a été pris 48 fois
  • Le résultat moyen est 7 sur 10

Statistiques - réponses

QuestionsRéponses% Correct
Le __ juillet est la fête nationale en France.14
100%
Il y a __ jours dans le mois de juillet31
100%
Dans les calendriers grégoriens et julien juillet est le ______ mois de l’année.Septième
100%
L’adjectif _______ désigne les personnes prenant leurs vacances en juilletJuillettiste | Juilletiste
86%
Mon nom provient de l’Imperator _____ _____ connu notamment pour avoir conquis la Gaule en 52 av J.-C., et assassiné par son fils adoptif Brutus.Jules César
84%
Le ______ est la couleur du mois de juillet.Bleu turquoise
67%
Le dicton du mois de juillet est: « Premier juillet _______, les jours suivants douteux ».Pluvieux
63%
Le ______ est la pierre associée au mois de juillet.Rubis
33%
Le 14 juillet est la commémoration de la Fête de la _________ fédération en 1790Fédération
14%
Le _____ _´_______ est la fleur associée au mois de juilletPied d’alouette
5%

Distribution des résultats

Percentile par nombre de réponses

% des personnes avec chaque résultat

Votre développement - résultats

Vous n’avez pas pris ce quiz